Statystyki dla LoL Mythic Items

Kliknij tutaj aby rozwiązać quiz!

Ogólne statystyki

  • Ten quiz został rozwiązany 53 razy
  • Średni wynik to 12 z 25

Statystyki odpowiedzi

HintOdpowiedź% Poprawnych
Pogromca KrakenówKraken Slayer
100%
Moc TrójcyTrinity Force
80%
Wieczna ZmarzlinaEverfrost
72%
Potęga WichuryGaleforce
70%
ZaćmienieEclipse
68%
Nieśmiertelny ŁuklerzImmortal Shieldbow
68%
Chłeptacz PosokiGoredrinker
66%
SzczelinotwórcaRiftmaker
66%
Nocny ŻniwiarzNight Harvester
60%
Boski ŁamaczDivine Sunderer
58%
Hextechowy Pas RakietowyHextech Rocketbelt
54%
Łamacz FalangiStridebreaker
50%
Turbochemiczny PojemnikTurbo Chemtank
42%
Imperialny MandatImperial Mandate
40%
Nawałnica LudenLuden's Tempest
40%
Szpon Ciemnego TypaProwler's Claw
40%
Słoneczna EgidaSunfire Aegis
38%
Mroczne Ostrze DraktharruDuskblade of Draktharr
36%
Rękawica Mroźnego OgniaFrostfire Gauntlet
34%
Cierpienie Liandry'egoLiandry's Anguish
32%
Odnowienie Kamienia KsiężycowegoMoonstone Renewer
28%
Zasłona RównościEvenshroud
26%
Korona Roztrzaskanej KrólowejCrown of the Shattered Queen
24%
Pieśń Bitewna ShurelyiShurelya's Battlesong
22%
Naszyjnik Żelaznych SolariLocket of the Iron Solari
20%

Rozkład punktacji

Percentyl według liczby udzielonych odpowiedzi

Procent ludzi z każdym wynikiem

Twoja historia wyników

Nie rozwiązałeś tego quizu